000 00495cam a22001934a 4500
005 20250605163556.0
008 250528s ||||||||||||||||||||||||d
035 _a22059
020 _a9789605460174
040 _aGR-AtMCL
_bgre
_dGR-AtMCL
_eAACR2
245 1 _aΣΥΜΒΟΥΛΕΥΤΙΚΗ ΨΥΧΟΛΟΓΙΑ
250 _a2
260 _bΠεδίο,
_c2012
300 _a571
700 1 _aΜαλικιωση-Λοιζου Μαρια
942 _cBK
999 _c7115
_d7115